Online
Catalog

Supere sus traumas y triunfe en la vida / (Record no. 23133)

MARC details
000 -CABECERA
campo de control de longitud fija 01047nam a2200289 a 4500
001 - NÚMERO DE CONTROL
campo de control 000023637
005 - FECHA Y HORA DE LA ÚLTIMA TRANSACCIÓN
campo de control 20260116105540.0
008 - DATOS DE LONGITUD FIJA--INFORMACIÓN GENERAL
campo de control de longitud fija 101216s1992 sp 000 0 spa d
020 ## - NÚMERO INTERNACIONAL ESTÁNDAR DEL LIBRO
Número Internacional Estándar del Libro 8427016069
040 ## - FUENTE DE LA CATALOGACIÓN
Centro catalogador/agencia de origen DO-SdBNP
Lengua de catalogación spa
Centro/agencia transcriptor BNPHU
041 17 - CÓDIGO DE LENGUA
Código de lengua del texto/banda sonora o título independiente spa
Código de lengua original eng
Fuente del código Código de idiomas MARC
082 ## - NÚMERO DE LA CLASIFICACIÓN DECIMAL DEWEY
Número de clasificación 155.2
Número de documento/Ítem T238s
049 ## - FONDOS LOCALES (OCLC)
Fondos de biblioteca BNGR
100 1# - ENTRADA PRINCIPAL--NOMBRE DE PERSONA
Nombre de persona Taylor, Cathryn L.
9 (RLIN) 48708
240 10 - TÍTULO UNIFORME
Título uniforme The inner child workbook.
Lenguaje de la obra Español
245 10 - MENCIÓN DE TÍTULO
Título Supere sus traumas y triunfe en la vida /
Mención de responsabilidad, etc. Cathryn L. Taylor ; traducción Jorge Ribera.
260 ## - PUBLICACIÓN, DISTRIBUCIÓN, ETC.
Lugar de publicación, distribución, etc. Barcelona :
Nombre del editor, distribuidor, etc. Martínez Roca,
Fecha de publicación, distribución, etc. 1992.
300 ## - DESCRIPCIÓN FÍSICA
Extensión 314 p. ;
Dimensiones 22 cm.
490 1# - MENCIÓN DE SERIE
Mención de serie Fontana Práctica
534 ## - NOTA SOBRE LA VERSIÓN ORIGINAL
Encabezamiento principal del original Título original :
Mención de título del original The inner child workbook
500 ## - NOTA GENERAL
Nota general Incluye referencias biográficas del autor en la solapa de la contracubierta.
500 ## - NOTA GENERAL
Nota general "Ejercicios que aplican las más modernas técnicas psicológicas".
650 #0 - PUNTO DE ACCESO ADICIONAL DE MATERIA--TÉRMINO DE MATERIA
Término de materia o nombre geográfico como elemento de entrada Psicología aplicada
9 (RLIN) 1579
650 #4 - PUNTO DE ACCESO ADICIONAL DE MATERIA--TÉRMINO DE MATERIA
Término de materia o nombre geográfico como elemento de entrada Autopercepción
9 (RLIN) 48709
700 1# - PUNTO DE ACCESO ADICIONAL--NOMBRE DE PERSONA
Nombre de persona Ribera, Jorge,
Término indicativo de función/relación tr.
9 (RLIN) 10543
830 #0 - PUNTO DE ACCESO ADICIONAL DE SERIE-TÍTULO UNIFORME
Título uniforme Fontana Práctica
9 (RLIN) 48710
Holdings
Estado de retiro Estado de pérdida Restricciones de uso No para préstamo Código de colección Localización permanente Ubicación/localización actual Ubicación en estantería Fecha de adquisición Número de inventario Total de préstamos Signatura topográfica completa Código de barras Fecha visto por última vez Precio válido a partir de Tipo de ítem Koha
        Monografías: Libros y Folletos General General En catalogación 16.12.2010 LF1   155.2 T238s 23637-10 25.06.2020 25.06.2020 Préstamo en sala

Powered by Koha